000 00536nam a2200193 a 4500
001 000036401
005 20200930075719.0
008 120117s1983 sp a 000 0 spa d
020 _a847095007x
040 _aDO-SdBNP
_bspa
_cBNPHU
082 _axxx
_bG323v, 1983
100 1 _aGemz Claire, Herbert
_962609
245 1 3 _aLa vida oculta del cuadro /
_cHerbert Gemz Claire.
250 _a3a ed
260 _aBarcelona, EspaƱa :
_bLEDA,
_c1983.
300 _a47 p. ;
_c24 cm.
490 1 _aComo se hace
830 0 _aComo se hace
_962610
999 _c35892
_d35892